| 000 | 00661nam a2200265Ia 4500 | ||
|---|---|---|---|
| 003 | OSt | ||
| 005 | 20250619115338.0 | ||
| 008 | 210210b2009 xxu||||| |||| 00| 0 eng d | ||
| 020 | _a9780706986341 | ||
| 040 | _cAL | ||
| 041 | _aeng | ||
| 082 | _a330.15 BHAH | ||
| 100 |
_aBhatia, H L _9215517 |
||
| 245 | _aHistory of economic thought Rev Ed 4 | ||
| 250 | _a4 | ||
| 260 |
_aNew Delhi _bVikas Publishing House Pvt Ltd., _c2009 |
||
| 300 | _axii,506 | ||
| 650 |
_athought _9215518 |
||
| 650 |
_aof _9215519 |
||
| 650 |
_aHistory _9215520 |
||
| 650 |
_aeconomic _9215521 |
||
| 690 |
_aEconomic Thought _9215522 |
||
| 906 | _a065132 | ||
| 942 |
_2ddc _cBK |
||
| 999 |
_c142223 _d142223 |
||